| 000 | 00957nam a2200277 i 4500 | ||
|---|---|---|---|
| 001 | 13743 | ||
| 003 | ES-MaACL | ||
| 005 | 20250727025838.0 | ||
| 007 | t| | ||
| 008 | 980703s1997 sp a |||| | spa d | ||
| 020 | _a84-7658-520-9 | ||
| 080 | _a329.14(410.354 Los Olivos)"19" | ||
| 100 | 1 |
_aCollier, George A. _939708 |
|
| 245 | 1 | 0 |
_aSocialistas de la Andalucía rural _b: los revolucionarios ignorados de la Segunda República / _cGeorge A. Collier. |
| 250 | _a1ª ed. en Anthropos. | ||
| 260 |
_aBarcelona : _bAnthropos, _c1997. |
||
| 300 |
_a287 p. : _bil. ; _c20 cm. |
||
| 490 | 1 |
_aAutores, textos y temas. Antropología ; _v32 |
|
| 500 | _aÍndices. Cronología. | ||
| 504 | _aBibliografía: p. 271-176. | ||
| 650 | 1 | 4 |
_aSocialistas- _zAndalucía. _9170084 |
| 651 | 4 |
_aAndalucía- _xHistoria- _y1931-1939. _9170085 |
|
| 830 | 0 |
_aAutores, textos y temas. Antropología _v32 _9177281 |
|
| 852 |
_aES-MaACL _jL-21341 |
||
| 999 |
_c13743 _d13743 |
||